000 00444nam a22001697a 4500
003 NUST
005 20220901164320.0
008 171004b xxu||||| |||| 00| 0 eng d
040 _cNUST
082 _a330
100 _aKhan,Razia
_95240
245 _aFiscal policy and economic growth empirical evidence
260 _aIslamabad
_c2016
300 _a57p
856 _uhttp://10.250.8.41:8080/xmlui/handle/123456789/3332
942 _2ddc
_cTHE
999 _c331575
_d331575